LEADER 01143nam0 2200301 450 001 000014563 005 20090316150701.0 100 $a20080721d1982----km-y0itay50------ba 101 1 $aita$cger 102 $aIT 105 $ay-------001yy 200 1 $a<>essenza e i principi dell'economia teorica$fJoseph A. Schumpeter$ga cura di Giuseppe Calzoni 210 $aRoma$aBari$cLaterza$dstampa 1982 215 $aXX, 507 p.$d22 cm 225 2 $aBiblioteca di cultura moderna$v873 300 $aTraduzione di Giuseppe Calzoni 410 0$12001$aBiblioteca di cultura moderna 500 10$aWesen und der Hauptinhalt der theoretischen Nationalokonomie$m$931816 610 1 $aEconomia$aTeorie 676 $a330.1$v18$9Sistemi e teorie economiche 676 $a330.01$v19$9Scienze economiche. Filosofia e teoria 700 1$aSchumpeter,$bJoseph Alois$f<1883-1950>$050457 702 1$aCalzoni,$bGiuseppe$4070 801 0$aIT$bUNIPARTHENOPE$c20080721$gRICA$2UNIMARC 912 $a000014563 951 $a030/13$b5781$cNAVA2 996 $aWesen und der Hauptinhalt der theoretischen Nationalökonomie$931816 997 $aUNIPARTHENOPE LEADER 01706nam 2200553Ia 450 001 9910779644003321 005 20200520144314.0 010 $a1-61122-158-7 035 $a(CKB)2550000001041645 035 $a(EBL)3018776 035 $a(SSID)ssj0000852884 035 $a(PQKBManifestationID)12365028 035 $a(PQKBTitleCode)TC0000852884 035 $a(PQKBWorkID)10864493 035 $a(PQKB)10280612 035 $a(MiAaPQ)EBC3018776 035 $a(Au-PeEL)EBL3018776 035 $a(CaPaEBR)ebr10661714 035 $a(OCoLC)831658180 035 $a(EXLCZ)992550000001041645 100 $a20100810d2011 uy 0 101 0 $aeng 135 $aur|n|---||||| 181 $ctxt 182 $cc 183 $acr 200 00$aCrisis management in Chinese contexts$b[electronic resource] /$fZenobia C.Y. Chan, editor 210 $aNew York $cNova Science$dc2011 215 $a1 online resource (160 p.) 225 1 $aChina in the 21st century 225 1 $aPublic health in the 21st century 300 $aDescription based upon print version of record. 311 $a1-61761-609-5 320 $aIncludes bibliographical references and index. 410 0$aChina in the 21st century (Commack, NY) 410 0$aPublic health in the 21st century series. 606 $aDisaster medicine$zChina 606 $aCrisis management$zChina 615 0$aDisaster medicine 615 0$aCrisis management 676 $a362.10951 701 $aChan$b Zenobia C. Y$01468669 801 0$bMiAaPQ 801 1$bMiAaPQ 801 2$bMiAaPQ 906 $aBOOK 912 $a9910779644003321 996 $aCrisis management in Chinese contexts$93691371 997 $aUNINA